| 000 | 00667nam a2200217Ia 4500 | ||
|---|---|---|---|
| 003 | IN-BaIIA | ||
| 008 | 211028s9999 xx 000 0 eng d | ||
| 040 | _cIIA Library | ||
| 080 |
_a523 _bNASA |
||
| 100 |
_aFimmel, Richard O _911001 |
||
| 245 | 0 |
_aPioneer odyssey _cRichard O. Fimmel, William Swindell and Eric Burgess |
|
| 260 |
_aWashington, D. C _bNational Aeronautics and Space Administration _c1977 |
||
| 300 | _axi, 217p. | ||
| 650 | _aAstronomy and Astrophysics Thesaurus | ||
| 650 |
_aJupiter _91340 |
||
| 650 |
_aPioneer _911002 |
||
| 650 |
_aSpace physics _93812 |
||
| 700 |
_aBurgess, Eric _911003 |
||
| 700 |
_aSwindell, William _911004 |
||
| 942 | _cBK | ||
| 999 |
_c6412 _d6412 |
||